Fiestas of San Juan Nuevo (Record no. 10322)

MARC details
000 -CABECERA
campo de control de longitud fija 01023nam a2200265 a 4500
001 - NÚMERO DE CONTROL
campo de control BRL_1512
005 - FECHA Y HORA DE LA ÚLTIMA TRANSACCIÓN
campo de control 20190320211236.0
008 - DATOS DE LONGITUD FIJA--INFORMACIÓN GENERAL
campo de control de longitud fija 130214s1982----u--aob####---#000-0#eng-#
020 ## - NÚMERO INTERNACIONAL ESTÁNDAR DEL LIBRO
Número Internacional Estándar del Libro 0912535008
041 ## - CÓDIGO DE LENGUA
Código de lengua del texto/banda sonora o título independiente eng
Código de lengua original spa
044 ## - CÓDIGO DEL PAÍS DE LA ENTIDAD EDITORA/PRODUCTORA
Código MARC del país u
050 #4 - SIGNATURA TOPOGRÁFICA DE LA BIBLIOTECA DEL CONGRESO
Número de clasificación GT4811.S26
Número de documento/Ítem .F54 1982
245 10 - MENCIÓN DE TÍTULO
Título Fiestas of San Juan Nuevo
Resto del título ceremonial art from Michoacan, Mexico
Mención de responsabilidad, etc. general editors J. J. Brody, Mari Lyn Salvador.
260 ## - PUBLICACIÓN, DISTRIBUCIÓN, ETC.
Lugar de publicación, distribución, etc. Albuqierque
Nombre del editor, distribuidor, etc. Maxwell Museum of Anthopology : University of New Mexico
Fecha de publicación, distribución, etc. 1982
300 ## - DESCRIPCIÓN FÍSICA
Extensión 70 p.
Otras características físicas il., fotografías (blanco y negro), mapas
Dimensiones 20 cm.
440 #0 - MENCIÓN DE SERIE/PUNTO DE ACCESO ADICIONAL--TÍTULO
Título Maxwel Museum of Antropology. Publication Series
9 (RLIN) 27134
500 ## - NOTA GENERAL
Nota general Au1761
500 ## - NOTA GENERAL
Nota general Incluye dedicatoria a Ruth Lechuga
650 14 - PUNTO DE ACCESO ADICIONAL DE MATERIA--TÉRMINO DE MATERIA
Término de materia o nombre geográfico como elemento de entrada Festivales
Subdivisión de forma Exposiciones
Subdivisión geográfica San Juan Nuevo (Michoacán)
9 (RLIN) 27135
650 14 - PUNTO DE ACCESO ADICIONAL DE MATERIA--TÉRMINO DE MATERIA
Término de materia o nombre geográfico como elemento de entrada Indígenas de México
Subdivisión de forma Exposiciones
Subdivisión general Ritos y ceremonias
Subdivisión geográfica San Juan Nuevo (Michoacán)
9 (RLIN) 27136
700 1# - PUNTO DE ACCESO ADICIONAL--NOMBRE DE PERSONA
Nombre de persona Brody, J. J.
Término indicativo de función/relación ed.
9 (RLIN) 27137
700 1# - PUNTO DE ACCESO ADICIONAL--NOMBRE DE PERSONA
Nombre de persona Salvador, Mari Lyn
Término indicativo de función/relación ed.
9 (RLIN) 27138
902 ## - CATALOGADOR
Iniciales GRL
942 ## - ELEMENTOS DE PUNTO DE ACCESO ADICIONAL (KOHA)
Fuente del sistema de clasificación o colocación Library of Congress Classification
Tipo de ítem Koha Libros
Holdings
Estado de retiro Estado de pérdida Estado dañado No para préstamo Localización permanente Ubicación/localización actual Fecha de adquisición Número de inventario Total de préstamos Signatura topográfica completa Código de barras Fecha visto por última vez Precio válido a partir de Tipo de ítem Koha
El ejemplar forma parte de la colección y puede ser consultado según las políticas vigentes.       Biblioteca Centro de Estudios Ruth D. Lechuga Biblioteca Centro de Estudios Ruth D. Lechuga 13/02/2014 Au1761   GT4811.S26 .F54 1982 (Au1761) GRL01673 22/03/2019 22/03/2019 Libros